The politics / (Registro nro. 8934)
[ vista simple ]
| 000 -LIDER | |
|---|---|
| fixed length control field | 00834nam a22002657a 4500 |
| 001 - NÚMERO DE CONTROL | |
| Identificador de número de control | 0157 |
| 003 - IDENTIFICACDOR DE NÚMERO DE CONTROL | |
| control field | DO-SdBNP |
| 005 - DATE AND TIME OF LATEST TRANSACTION | |
| control field | 20151126141055.0 |
| 007 - CAMPOS FIJOS DE DESCRIPCIÓN FÍSICA | |
| fixed length control field | 0157 |
| 008 - ELEMENTOS DE LONGITUD FIJA | |
| fixed length control field | 151005b1962 xxk 00| 0 spa d |
| 040 ## - FUENTE DE CATALOGACIÓN | |
| Agencia que crea de manera original el registro | BPMSU |
| Idioma de catalogación | spa |
| Agencia que realiza la transcripción | BPMSU |
| 092 ## - LOCALLY ASSIGNED DEWEY DECIMAL CALL NUMBER | |
| Número de clasificación | XXXX |
| Número de ítem (Cutter) | XXXX |
| 100 ## - ASIENTO PRINCIPAL -- NOMBRE PERSONAL | |
| Nombre personal | Aristotle |
| 245 14 - MENCIÓN DE TITULO | |
| Título | The politics / |
| Mención de responsabilidad | Aristotle ; introducción T. A. Sinclair |
| 260 ## - PUBLICACIÓN, DISTRIBUCIÓN, ETC. (PIE DE IMPRENTA) | |
| Lugar de publicación, distribución, etc | Great Britain : |
| Nombre del editor, distribuidor, etc. | Penguin books, |
| Fecha de publicación, distribución, etc | 1962. |
| 300 ## - DESCRIPCIÓN FÍSICA | |
| Extensión | 317 p. : |
| Dimensiones | 19 cm. |
| 500 ## - NOTA GENERAL | |
| Nota general | La biblioteca posee la reimpresión del 1970. |
| 500 ## - NOTA GENERAL | |
| Nota general | Texto en ingles. |
| 500 ## - NOTA GENERAL | |
| Nota general | Incluye índice. |
| 505 1# - NOTA DE CONTENIDO | |
| Título | Microordenadores -- |
| Mención de responsabilidad | Helena Sturridge / |
| Título | Robots -- |
| Mención de responsabilidad | Peter Marsh / |
| Título | Sistemas de sonido -- |
| Mención de responsabilidad | Donald Aldous / |
| Título | Televisión y video -- |
| Mención de responsabilidad | Helena Mintern / |
| 700 12 - ASIENTO SECUNDARIO -- NOMBRE PERSONAL | |
| Nombre personal | Sinclair, T. A. |
| Idioma de una obra | intr. |
| 910 ## - VALIDACIÓN | |
| Validación | 202 |
| 942 ## - ADDED ENTRY ELEMENTS (KOHA) | |
| Source of classification or shelving scheme | Dewey Decimal Classification |
| Koha item type | Libros |
| 956 ## - LOCAL ELECTRONIC LOCATION AND ACCESS (OCLC) | |
| Nombre de host | Yngrid Lockward |
| Withdrawn status | Lost status | Source of classification or shelving scheme | Damaged status | Not for loan | Collection code | Home library | Current library | Date acquired | Source of acquisition | Total Checkouts | Barcode | Date last seen | Price effective from | Koha item type |
|---|---|---|---|---|---|---|---|---|---|---|---|---|---|---|
| Dewey Decimal Classification | Biblioteca Pública Metropolitana Salomé Ureña | Biblioteca Pública Metropolitana Salomé Ureña | 11/26/2015 | Donación | BPMET15110512 | 11/26/2015 | 11/26/2015 | Libros |